NRL Rugby League State of Origin Queensland players - Statistics

General Stats
  • This quiz has been taken 1,074 times
  • The average score is 40 of 174
Answer Stats
Answer % Correct
Cameron Smith
88%
Billy Slater
86%
Darren Lockyer
80%
Johnathan Thurston
79%
Alan Smith
77%
Craig Smith
77%
Darren Smith
77%
Gary Smith
77%
Jason Smith
77%
Cooper Cronk
74%
Greg Inglis
74%
Wally Lewis
73%
John Lang
59%
Sam Thaiday
59%
Martin Lang
58%
Allan Langer
56%
Mal Meninga
54%
Darius Boyd
51%
Gorden Tallis
47%
Corey Parker
46%
Justin Hodges
46%
Brent Tate
44%
Colin Scott
44%
Kevin Walters
43%
Arthur Beetson
42%
Kerrod Walters
42%
Steve Walters
42%
Wendell Sailor
38%
Nate Myles
37%
Shane Webcke
37%
Karmichael Hunt
36%
Steve Price
36%
Israel Folau
35%
Matt Bowen
34%
Paul Vautin
34%
Matt Sing
32%
Adrian Lam
30%
Petero Civoniceva
30%
Steve Renouf
30%
Matthew Scott
29%
Norm Carr
28%
Brad Thorn
27%
Dallas Johnson
27%
Billy Moore
26%
Carl Webb
26%
Scott Prince
26%
Steven Bell
26%
Lote Tuqiri
25%
Mark Coyne
25%
Matt Gillett
25%
Chris Close
24%
Danny Moore
24%
Gary Coyne
24%
Gene Miles
24%
Michael Hancock
24%
Rohan Hancock
24%
Tonie Carroll
24%
Brett Dallas
23%
Ben Ikin
22%
Dane Carlaw
22%
Shaun Berrigan
22%
Ashley Harrison
21%
David Taylor
21%
Ty Williams
21%
Willie Carne
21%
Dale Shearer
20%
Gary Larson
20%
Gavin Jones
20%
Martin Bella
20%
Peter Jackson
20%
Steve Jackson
20%
Trevor Gillmeister
20%
Ben Te'o
19%
Jacob Lillyman
19%
Paul Green
19%
Willie Tonga
19%
Adam Mogg
18%
Ben Hannant
18%
Bruce Walker
18%
Chris Walker
18%
David Shillington
18%
Gary Belcher
18%
Jharal Yow Yeh
18%
Kerry Boustead
18%
Mat Rogers
18%
Michael Crocker
18%
Andrew Gee
17%
Darryl Brohman
17%
Paul Bowman
17%
Robbie O'Davis
17%
Rod Morris
17%
Rhys Wesser
16%
Dave Brown
15%
Matt Ballin
15%
Neville Costigan
15%
Sam Backo
15%
Casey McGuire
14%
Dane Nielsen
14%
Greg Conescu
14%
Greg Dowling
14%
John Dowling
14%
Kevin Campion
14%
Paul Hauff
14%
Bob Lindner
13%
Brad Meyers
13%
Josh Hannay
13%
Julian O'Neill
13%
PJ Marsh
13%
Jason Hetherington
12%
Mark Murray
12%
Wayne Bartrim
12%
Ben Ross
11%
Brad Backer
11%
Clinton Schifcofske
11%
Jamie Goddard
11%
Peter Ryan
11%
Rod Reddy
11%
Wally Fullerton-Smith
11%
Alan Cann
10%
Chris Flannery
10%
David Stagg
10%
Gavin Allen
10%
Greg Oliphant
10%
John Doyle
10%
Michael Hagan
10%
Tony Currie
10%
Brett French
9%
Craig Teevan
9%
Daniel Wagon
9%
Danny Nutley
9%
Ian French
9%
Mark Hohn
9%
Scott Sattler
9%
Terry Cook
9%
Tony Hearn
9%
Travis Norton
9%
Bruce Astill
8%
Chris McKenna
8%
Craig Greenhill
8%
Darren Fritz
8%
Joe Kilroy
8%
John Buttigieg
8%
Les Kiss
8%
Nathan Fien
8%
Paul Khan
8%
Shannon Hegarty
8%
Stuart Kelly
8%
Adrian Brunker
7%
Adrian Vowles
7%
Alan McIndoe
7%
Antonio Kaufusi
7%
Bryan Niebling
7%
Chris Phelan
7%
Clinton O'Brien
7%
John Ribot
7%
Mike McLean
7%
Mitch Brennan
7%
Owen Cunningham
7%
Paul McCabe
7%
Ross Henrick
7%
Cavill Heugh
6%
Chris Beattie
6%
Dan Stains
6%
Graham Quinn
6%
Jeremy Schloss
6%
Russell Bawden
6%
Scott Tronc
6%
Steve Stacey
6%
Terry Butler
6%
Bob Kellaway
5%
Brad Tessman
5%
Grant Rix
5%
Greg Holben
5%
Neil Tierney
5%
No matching quizzes found
Score Distribution
Percent of People with Each Score
Percentile by Number Answered
Your Score History
You have not taken this quiz